000 00260nam a22001217a 4500
008 171025b xxu||||| |||| 00| 0 eng d
041 _aeng
080 _a336.8
100 _a55
101 _aTAK
245 _aSTATE TAX SYSTEMS
_cJAMES.W.M
942 _2udc
_cBK
999 _c35925
_d35925